Patriots Quiz - Statistics

General Stats
  • This quiz has been taken 69 times
  • The average score is 8 of 10
Answer Stats
Hint Answer % Correct
How many Superbowls do they have? 6
98%
Who is their #1 passer? Tom Brady
98%
How many Superbowls have they appeared in? 11
92%
What conference are they in? AFC
89%
What division are they in? AFC east
89%
When was their first Superbowl win? 2002
81%
What is their best record? 16-0
77%
What is their worst record? 1-15
70%
What year were they established? 1959
43%
Who is their #1 receiving leader? Stanley Morgan
28%
No matching quizzes found
Score Distribution
Percent of People with Each Score
Percentile by Number Answered
Your Score History
You have not taken this quiz